KORYTNICA LIMESTONES - A NEW LITHO-STRATIGRAPHICAL UNIT AND ITS FAUNA

Bibliographic Details
Main Authors: Bujnovský, Alfonz, 1937- (Author), Pevný, J. (Author), Kochanová, M. (Author)
Format: Article
Language:English

MARC

LEADER 00000nab a2200000ua 4500
001 vtls010845000
003 SK-MaSNL
005 20260303135817.0
008 230218s1975 xo |||||||||||||||||eng|
035 |a (urnnbn)urn:nbn:sk:snk:ar-a07416 
035 |a urn:nbn:sk:snk-ab66q6 
035 |a (uuid)d4e5ef2a-b54d-407e-a7e1-d0503bd3ef18 
040 |a SNKBUCL  |b slo  |c SNKBUCL  |e AACR2 
041 0 |a eng 
044 |a xo  |c SK 
100 1 |a Bujnovský, Alfonz,  |d 1937-  |4 aut  |9 77100 
245 1 0 |a KORYTNICA LIMESTONES - A NEW LITHO-STRATIGRAPHICAL UNIT AND ITS FAUNA  |c A. Bujnovský, J. Pevný, M. Kochanová 
700 1 |a Pevný, J.  |4 aut  |9 629623 
700 1 |a Kochanová, M.  |4 aut  |9 1157548 
773 0 |t Geologické práce : správy  |g Roč. 63, č. 63 (1975), s. 21-53 
958 |a OND 
958 |a EUIPO 
958 |a article5 
999 |c 1968005  |d 1969935